000 00965nam a22002775a 4500
999 _c27375
_d27346
003 EG-ScBUE
005 20201128024410.0
008 190411s2014 ua a gr 000 0aara d
017 _a2013 / 22832
020 _a9789770932810
040 _aEG-ScBUE
_bara
_cEG-ScBUE
_dEG-ScBUE
082 0 4 _a302.23092
_bق ن د
_222
100 1 _aقنديل، حمدي،
_d1936-2018.
245 1 0 _aعشت مرتين /
_cحمدي قنديل.
246 3 4 _aعشت مرتين :
_bسيرة ذاتية
250 _aط. 3.
260 _aالقاهرة :
_bدار الشروق،
_c2014.
300 _a592 ص. :
_bإيض. ؛
_c24 سم.
600 1 7 _aقنديل، حمدي،
_d1936-2018
_xمذكرات.
_2BUEsh
650 7 _aالصحفيون المصريون
_vتراجم.
_2BUEsh
_9433
650 7 _aالصحافة
_vتراجم.
_2BUEsh
650 7 _aالإعلام
_xجوانب سياسية
_xتاريخ.
_2BUEsh
651 _2BUEsh
653 _bBUSBOL
_bGGEN
_cApril2019
942 _2ddc